| 000 | 00894nam a2200301Ia 4500 | ||
|---|---|---|---|
| 001 | 6539 | ||
| 005 | 20240113233923.0 | ||
| 007 | ta | ||
| 008 | 050628s1988 a g b000 u eng u | ||
| 020 | _a0-691-08490-4 | ||
| 040 | _aCotton College,Assam | ||
| 041 | _aeng | ||
| 082 |
_a530.12 _bZu 87 Be |
||
| 100 | _aZurek, Wojciech Hubert . | ||
| 245 | 0 |
_aBetween Quantum And Cosmos / _cWojciech Hubert Zurek & Alwyn van der Merwe & Warner Allen Miller. _hTextual Documents |
|
| 250 | _a1st ed. / | ||
| 260 |
_aNew Jersey : _bPrinceton University Press , _c1988. |
||
| 300 |
_axi, 623p. : _bill. ; _c24cm . |
||
| 500 | _aStudies and essays in honor of John Archibald Wheeler. | ||
| 653 | _aPhysics | ||
| 653 | _aQuantum Thoery | ||
| 653 | _aCosmos | ||
| 653 | _aPG-Physics | ||
| 700 | _aMiller, Warner Allen . | ||
| 942 |
_2ddc _cBK |
||
| 999 |
_c6526 _d6526 |
||